000 00688nam a2200265Ia 4500
003 OSt
005 20221006151709.0
006 a|||||r|||| 00| 0
007 ta
008 221006b |||||||| |||| 00| 0 jpn d
020 _c¥1200
024 _a23,037
037 _bGift, Japan Foundation
_cTextual
040 _aEASL
_cEASL
_bjpn
041 _2jpn
_ajpn
082 _aP42, L7
100 _aKINDAICHI Haruhiko
245 0 _aNihongo no kibo
260 _aTokyo
_bTaishukan Shoten Japan
_c1977
300 _a334p.
_ccm.
490 _v JL
650 _aJL
942 _hP42, L7
_cTEXL
_2CC
999 _c1091123
_d1091123